Guess The American Brands! #13 - Statistics

General Stats
  • This quiz has been taken 31 times
  • The average score is 14 of 20
Answer Stats
Picture Answer % Correct
Hulk
97%
Jurassic Park
97%
Wonder Woman
97%
7 Eleven
93%
Captain America
83%
The New York Times
83%
Under Armour
83%
Kingston
80%
Avengers
77%
The Flash
77%
Steelcase
70%
PBS Kids
60%
Photoshop
60%
Lincoln
57%
Lincoln
57%
General Mills
53%
Loctite
50%
Starter
37%
Air Wick
33%
Dakine
17%
No matching quizzes found
Score Distribution
Percent of People with Each Score
Percentile by Number Answered
Your Score History
You have not taken this quiz